General boundaries for registered land. (Record no. 60417)

MARC details
000 -LEADER
fixed length control field 00821cam a2200205 4500
001 - CONTROL NUMBER
control field ABS60767
008 - FIXED-LENGTH DATA ELEMENTS--GENERAL INFORMATION
fixed length control field 000000n1999 000 0 eng u
035 ## - SYSTEM CONTROL NUMBER
System control number (Sirsi) u101264
100 ## - MAIN ENTRY--PERSONAL NAME
Personal name Wood, M.
245 ## - TITLE STATEMENT
Title General boundaries for registered land.
260 ## - PUBLICATION, DISTRIBUTION, ETC.
Date of publication, distribution, etc. 1999
490 ## - SERIES STATEMENT
Series statement CSM
-- Chartered Surveyor Monthly
Volume/sequential designation 8(10) June 1999, 35-37(3)
520 ## - SUMMARY, ETC.
Summary, etc. Discusses the merits of exactly defining boundaries between properties, including an analysis of the general boundaries rule. Concludes that defining boundaries does not prevent disputes and would involve a disproportionate effort and expense.
650 ## - SUBJECT ADDED ENTRY--TOPICAL TERM
Topical term or geographic name entry element Boundary disputes
9 (RLIN) 6221
650 ## - SUBJECT ADDED ENTRY--TOPICAL TERM
Topical term or geographic name entry element Boundary disputes
9 (RLIN) 6221
650 ## - SUBJECT ADDED ENTRY--TOPICAL TERM
Topical term or geographic name entry element REGISTERED LAND
650 ## - SUBJECT ADDED ENTRY--TOPICAL TERM
Topical term or geographic name entry element LAND REGISTRATION RULES
690 ## - LOCAL SUBJECT ADDED ENTRY--TOPICAL TERM (OCLC, RLIN)
Topical term or geographic name as entry element HIGHWAYS RIGHTS OF WAY AND EASEMENTS
942 ## - ADDED ENTRY ELEMENTS (KOHA)
Suppress in OPAC 0
Holdings
Withdrawn status Lost status Source of classification or shelving scheme Damaged status Not for loan Home library Current library Shelving location Date acquired Total Checkouts Full call number Barcode Date last seen Copy number Price effective from Koha item type
    Dewey Decimal Classification     London London Journal article 03/11/1999   ABS60767 101264-1001 06/08/2019 1 06/08/2019 Journal article